Sistema de información de la sección de recibo y la unidad de control de calidad de la Oficina de Almacenes del ICE
Gardado en:
| Autor Principal: | |
|---|---|
| Outros autores: | , |
| Formato: | Libro |
| Publicado: |
1987
|
| Materias: | |
| Etiquetas: |
Engadir etiqueta
Sen Etiquetas, Sexa o primeiro en etiquetar este rexistro!
|
MARC
| LEADER | 00000nam a2200000Ia 4500 | ||
|---|---|---|---|
| 003 | 007228 | ||
| 005 | 20221231144310.0 | ||
| 008 | 140114s1987 cr a m 000 ||s d | ||
| 040 | |c cru CEDI | ||
| 090 | |a TFG 2970 | ||
| 100 | |a Hoefken González, Carol |9 11725 | ||
| 245 | |a Sistema de información de la sección de recibo y la unidad de control de calidad de la Oficina de Almacenes del ICE | ||
| 260 | |c 1987 | ||
| 300 | |a xix, [290] hojas (algunas plegables) : ilustraciones ; 28 cm | ||
| 500 | |a Proyecto de graduacion (bachillerato en ingenieria electrica)--Universidad de Costa Rica. Facultad de Ingenieria. Escuela de Ingenieria Electrica | ||
| 650 | |x INSTITUTO COSTARRICENSE DE ELECTRICIDAD.. OFICINA DE ALMACENES Materia LinkDISEÑO DE SISTEMAS LinkSISTEMAS DE ALMACENAMIENTO Y RECUPERACION DE INFORMACION |x DISEÑO DE SISTEMAS |x SISTEMAS DE ALMACENAMIENTO Y RECUPERACION DE INFORMACION |9 11728 | ||
| 700 | |9 11726 |a Montecinos Muller, Andrea | ||
| 700 | |9 11727 |a Rodríguez Rodríguez, Diego | ||
| 942 | |c TFG | ||
| 999 | |c 19772 |d 19772 | ||
